00519nam a2200181Ia 450000500170000000800410001704000190005804100120007708200150008910000250010424500470012926000360017630000140021250400500022665000210027665100300029785000100032720230605110756.0131103s9999 xx 000 0 und d aLoreto College aEnglish a940.1bBAR aBark,William Carroll aOrigins of the worldcWilliam Carroll Bark aNew YorkbDoubleday & Co.c1960 ax,224 p.  aIncludes bibliographical references and index aMedieval History aEurope - Medieval History aLCLIB